| 000 | 00586cam a2200229 4500 | ||
|---|---|---|---|
| 008 | 000000n2000 000 0 eng u | ||
| 020 | _a0860175146 | ||
| 035 | _a(Sirsi) u105326 | ||
| 050 | _a624.15 | ||
| 100 | _aRawlings, C G | ||
| 245 | _aGrouting for ground engineering | ||
| 260 |
_aLondon _bCIRIA _c2000 |
||
| 300 | _a166p. ; 30cm. | ||
| 490 |
_aCIRIA _vC514 |
||
| 650 | _aGROUTING | ||
| 650 | _aENGINEERING | ||
| 650 | _aUNDERGROUND WORKING | ||
| 690 | _aBUILDING AND CONSTRUCTION-ENGINEERING | ||
| 700 | _aHellawell, E E | ||
| 700 | _aKilkenny, W M | ||
| 942 | _n0 | ||
| 999 |
_c100360 _d100360 |
||